Bezpečně online
Salvato in:
| Autore principale: | |
|---|---|
| Altri autori: | |
| Natura: | Libro |
| Lingua: | ceco |
| Pubblicazione: |
Praha
Nakladatelství Svojtka & Co.
2017
|
| Edizione: | 1.vydání |
| Soggetti: | |
| Tags: |
Nessun Tag, puoi essere il primo ad aggiungerne!!
|
MARC
| LEADER | 00000nam a2200000 4500 | ||
|---|---|---|---|
| 001 | 0258547 | ||
| 005 | 20240221120009.7 | ||
| 020 | |a 978-80-256-2083-0 | ||
| 041 | 0 | |a cze | |
| 044 | |a CZ | ||
| 245 | 1 | 0 | |a Bezpečně online |c Louie Stowell ; translation: Kateřina Brouk |
| 250 | |a 1.vydání | ||
| 264 | 1 | |a Praha |b Nakladatelství Svojtka & Co. |c 2017 | |
| 300 | |a 143 s. | ||
| 610 | 2 | 0 | |a internet |
| 610 | 2 | 0 | |a siete počítačové |
| 610 | 2 | 0 | |a využitie počítačov |
| 610 | 2 | 0 | |a stránky webové |
| 610 | 2 | 0 | |a médiá sociálne |
| 610 | 2 | 0 | |a šikanovanie |
| 610 | 2 | 0 | |a hazard morálny |
| 610 | 2 | 0 | |a opatrenia |
| 610 | 2 | 0 | |a poradenstvo |
| 100 | 1 | |a Stowell, Louie | |
| 700 | 1 | |a Brouk, Kateřina | |